| 000 | 00501nam a22001457a 4500 | ||
|---|---|---|---|
| 003 | 0 | ||
| 005 | 20221013130146.0 | ||
| 008 | 221013b xxu||||| |||| 00| 0 eng d | ||
| 050 |
_aUH603 _b.So65 2022 |
||
| 245 |
_aThe relationship between sleep deprivation and cognitive performance of college students _cEliza Glad M.Solis |
||
| 260 |
_aLas Pinas, Philippines _bSouthville International School and Colleges _cC2022 |
||
| 300 |
_a119PP. _c28cm. _fTheses |
||
| 500 | _aSleep deprivation. | ||
| 942 |
_2lcc _cTH |
||
| 999 |
_c364849 _d364849 |
||